000 00356nam a2200157Ia 4500
005 20250323105210.0
008 240331s9999 xx 000 0 und d
082 _bNAG
_a894
100 _aNagarajan, G
245 0 _aKurathi mudukku
250 _a2nd
260 _aMadurai
_bVarsha
_c1994
300 _axxv, 62 p .,
650 _aSocial Essays
942 _cL
999 _c4061
_d4061